باپ بیٹا / (Record no. 107312)

MARC details
000 -LEADER
fixed length control field 00909nam a22002657a 4500
005 - DATE AND TIME OF LATEST TRANSACTION
control field 20170123162324.0
010 ## - LIBRARY OF CONGRESS CONTROL NUMBER
LC control number A-778180
020 ## - INTERNATIONAL STANDARD BOOK NUMBER
Terms of availability 60.00
035 ## - SYSTEM CONTROL NUMBER
System control number A-778180
037 ## - SOURCE OF ACQUISITION
Source of stock number/acquisition Cen Lib/Ret
040 ## - CATALOGING SOURCE
Original cataloging agency DPL
Language of cataloging UR
082 ## - DEWEY DECIMAL CLASSIFICATION NUMBER
Classification number ن
Item number ن ر و
100 ## - MAIN ENTRY--PERSONAL NAME
Personal name نرالا، سرنڈر سنگھ
9 (RLIN) 111303
245 ## - TITLE STATEMENT
Title باپ بیٹا /
Statement of responsibility, etc سرنڈر سنگھ نرالا ؛ مرتجم جیت سنگھ سیتل
246 ## - VARYING FORM OF TITLE
Title proper/short title Bap beta /
Remainder of title by Surinder Singh Narula : translated by Jit Singh Seetal
260 ## - PUBLICATION, DISTRIBUTION, ETC. (IMPRINT)
Place of publication, distribution, etc پٹیالہ
Name of publisher, distributor, etc بھاشا وبھاگ پنجاب
Date of publication, distribution, etc 1990
270 ## - ADDRESS
City پٹیالہ
300 ## - PHYSICAL DESCRIPTION
Extent 395p.
Dimensions 19cm(Hb)
650 ## - SUBJECT ADDED ENTRY--TOPICAL TERM
Topical term or geographic name as entry element ادب - اردو
9 (RLIN) 118621
650 ## - SUBJECT ADDED ENTRY--TOPICAL TERM
Topical term or geographic name as entry element پنجابی ناول (اردو)
9 (RLIN) 118622
650 ## - SUBJECT ADDED ENTRY--TOPICAL TERM
Topical term or geographic name as entry element Literature -- Urdu
9 (RLIN) 118623
650 ## - SUBJECT ADDED ENTRY--TOPICAL TERM
Topical term or geographic name as entry element Punjabi novel (Urdu)
9 (RLIN) 118624
700 ## - ADDED ENTRY--PERSONAL NAME
Personal name سیتل، جیت سنگھ
9 (RLIN) 118625
942 ## - ADDED ENTRY ELEMENTS (KOHA)
Source of classification or shelving scheme Dewey Decimal Classification
Koha item type Urdu Bks
Classification part ن
Call number suffix ن ر و
Holdings
Withdrawn status Lost status Damaged status Not for loan Home library Current library Date acquired Source of acquisition Cost, normal purchase price Total Checkouts Full call number Barcode Date last seen Date checked out Copy number Cost, replacement price Price effective from Koha item type
        Central Library Central Library 06/01/2016 Cen Lib/Ret 60.00 1 ن ن ر و A-778180 06/05/2017 24/04/2017 1 60.00 06/01/2016 Urdu Bks

© Delhi Public Library
Hit Counter
free hit counter